Co to za kraj(Bardzo trudne) - Statystyki

Ogólne statystyki
  • Ten quiz został rozwiązany 291 razy
  • Średni wynik to 9 z 15
Statystyki odpowiedzi
Zagadnienie Odpowiedź % Poprawnych
graniczy z Belgią, Luksemburgiem, Niemcami, Szwajcarią, Włochami, Monako, Andorą i Hiszpanią. Francja
100%
Jest najmłodszym państwem świata Sudan Południowy
100%
Większość ludności tego kraju to Albańczycy, a większość żyje poniżej granicy ubóstwa. Kosowo
92%
graniczy od północy z Gruzją, od południa z Iranem i z azerską eksklawą Nachiczewan Armenia
83%
Jego stolicą jest Wientian Laos
83%
W 1976 został anektowany przez Indonezję, która okupowała jego terytorium do 1999 Timor wschodni
83%
W tym kraju znajduje się największy na świecie posąg Buddy ze złota, mający aż 9,8 m wysokości. Tajlandia
67%
W tym kraju znajduje się największa na świecie laguna – Maracaibo. Wenezuela
58%
W tym kraju wynaleziono pierwszy mechaniczny zegar Chiny
50%
W I–IV wieku naszej ery istniało tu państwo Kuszanów Afganistan
42%
W tym kraju zostały stworzone lizaki Chipa Chups Hiszpania
42%
W tym kraju Narodowym drzewem jest cedr. Iran
42%
jest jedynym krajem na świecie, który nadaje wiadomości w języku łacińskim. Finlandia
17%
Był to pierwszy kraj na Półwyspie Arabskim, który przyznał kobietom prawo do głosowania. Jemen
17%
W tym kraju Aż 90% osób ukończyło minimum szkołę średnią. Jest to jeden z wyższych wyników na świecie. Polska
8%
Nie znaleziono quizów pasujących do podanych kryteriów
Rozkład punktacji
Procent ludzi z każdym wynikiem
Percentyl według liczby udzielonych odpowiedzi
Twoja historia wyników
Nie rozwiązałeś tego quizu